Māks Hirtis Bāšā ماكس هرتس باشا ‎ wa-laǧnat ḥifẓ al-aṯār al-ʻarabīya ولجنة حفظ الآثار العربية‎

محفوظ في:

المؤلف الرئيسي: István Ormos, Muṣṭafā Riyāḍ

مؤلفون آخرون: Ḥusām ʿAbd-al-Bāsiṭ, Muṣṭafā al- Fiqī

التنسيق: كتاب

اللغة: Undetermined

منشور في: Alexandria Maktabat al-Iskandarīyah 2022

سلاسل: Mashrūʻ Maktabat al-Iskandarīyah lil-Tarjamah

الموضوعات:

الوسوم: إضافة وسم

لا توجد وسوم, كن أول من يضع وسما على هذه التسجيلة!

رقم الطلب:

LEADER 00889nam a2200205Ia 4500
005 20250515095719.0
008 250515s9999||||xx |||||||||||||| ||und||
020 |a 9789774526235 
100 1 |a István Ormos, Muṣṭafā Riyāḍ 
245 1 0 |a Māks Hirtis Bāšā ماكس هرتس باشا ‎  |b wa-laǧnat ḥifẓ al-aṯār al-ʻarabīya ولجنة حفظ الآثار العربية‎  |c István Ormos, Muṣṭafā Riyāḍ 
264 1 |a Alexandria  |b Maktabat al-Iskandarīyah  |c 2022 
300 |a 155  |b illustrations   |c 31 
490 0 |a  Mashrūʻ Maktabat al-Iskandarīyah lil-Tarjamah 
650 4 |a Anthologie  
650 4 |a Architecture islamique Conservation Égypte Le Caire  
650 4 |a Herz, Max, 1856-1919 Biography  
650 4 |a Islamic architecture Conservation Egypt Cairo  
700 1 |a Ḥusām ʿAbd-al-Bāsiṭ, Muṣṭafā al- Fiqī 
942 |2 lcc  |c BK 
999 |c 60933  |d 60933